| 000 | 00762nam a22002657a 4500 | ||
|---|---|---|---|
| 003 | CHAP | ||
| 005 | 20220329140901.0 | ||
| 008 | 971013s1969 r 00010 d | ||
| 010 | _a59242 | ||
| 011 | _a60214 | ||
| 035 | _a64374 | ||
| 040 | _cCHAP | ||
| 082 |
_a722.91 _bP7Y |
||
| 100 | 0 | 0 |
_aProskouriakoff, Tatiana. _992428 |
| 245 | _aAlbum de arquitectura maya | ||
| 260 |
_aMéxico : _bFondo de Cultura Económica, _c1969 |
||
| 300 |
_a108 p. _b: ilus. ; láms |
||
| 590 |
_aBATCH-UPD _b10 _c20130110 _lUCH01 _h0616 |
||
| 590 |
_aCONVERSION _b10 _c20130109 _lUCH01 _h1332 |
||
| 650 | 1 | 4 |
_aArquitectura maya. _97380 |
| 650 | 1 | 4 |
_aMayas. _973209 |
| 901 | _aBK | ||
| 942 | _cLIBRO | ||
| 949 |
_a722.91 P7Y _bBC _cLIBRO _d33724000959235 _eLIBRO _h29622 _i64374 _mD _si |
||
| 999 |
_c59242 _d59242 |
||